000 00622nam a2200157 4500
008 051021s1993 moua b 000 0 eng
090 _aPN3156
_bR82
100 1 _aRucker, Robert M.,
_d1958-
245 1 0 _aProducing and directing drama for the church /
_cby Robert M. Rucker.
260 _aKansas City, MO :
_bLillenas Pub. Co.,
_cc1993.
300 _a208 p. :
_bill. ;
_c26 cm.
490 1 _aA Lillenas drama resource how to book
504 _aIncludes bibliographical references (p. 205-208).
650 4 _aAmateur theater
_xProduction and direction.
951 _p17854
_x00014216
_oPN3156/R82
_j070613111523484
_d2000-12-21
_cGC
999 _c24889
_d24889